000 00904nam a2200229 i 4500
001 172085
003 ES-MaACL
005 20250519193012.0
008 090612s1978 fr |||| | fre d
080 _a782.6
100 1 _aFerretti, Jacopo.
_9140671
245 1 3 _aLa Cenerentola : melodramma giocoso in due atti
_b= Cendrillon : opéra-bouffe en deux actes /
_cmusique de Gioacchino Rossini (1792-1868) ; libretto di Jacopo Ferretti ; traduction française de Gilles de Van.
246 1 1 _aCendrillon
260 _aParis :
_bGérard Billaudot,
_c1978.
300 _a123 p. ;
_c18 cm.
490 1 _aOpéra de Paris. Bilingue
650 4 _aOperetas-
_vLibretos.
_9139352
700 1 _aRossini, Gioachino,
_d1792-1868
_9240542
830 0 _aOpéra de Paris. Bilingue
_9189043
852 4 _aES-MaACL
_jE-12711
_9R.190295
_z. - Biblioteca Jacinto Martínez Lacalle
999 _c172085
_d172085